[Event "XXV Festival A"]
[Site "Arco ITA"]
[Date "2003.10.20"]
[Round "3"]
[White "Trauth, Michael"]
[Black "Cebalo, Miso"]
[Result "0-1"]
[WhiteElo "2202"]
[BlackElo "2486"]
[PlyCount "62"]
[EventDate "2003.10.18"]

1.Nf3 c5 2.c4 b6 3.g3 Bb7 4.Bg2 Nf6 5.O-O g6 6.b3 Bg7 7.Bb2 O-O 8.d3 d5 9.
cxd5 Qxd5 10.Nc3 Qh5 11.h4 Na6 12.e4 Rad8 13.Qe2 Nb4 14.Rfd1 Ba6 15.Nd5 
Nbxd5 16.exd5 Nxd5 17.Bxg7 Kxg7 18.Qb2+ Nf6 19.Qa3 Bb7 20.Ng5 Bxg2 21.Kxg2
h6 22.Nf3 Rd7 23.b4 cxb4 24.Qxb4 Qd5 25.a4 Rc8 26.Rd2 g5 27.hxg5 hxg5 28.
g4 Rh8 29.Kg3 Rh3+ 30.Kxh3 Qxf3+ 31.Kh2 Rd8 0-1

[Event "XXV Festival A"]
[Site "Arco ITA"]
[Date "2003.10.20"]
[Round "3"]
[White "Valenti, Giuseppe"]
[Black "Diotallevi, Maurizio"]
[Result "1-0"]
[WhiteElo "2305"]
[BlackElo "2096"]
[PlyCount "55"]
[EventDate "2003.10.18"]

1.e4 e6 2.d4 d5 3.Nd2 dxe4 4.Nxe4 Nd7 5.Nf3 Ngf6 6.Nxf6+ Nxf6 7.Bd3 c5 8.
O-O cxd4 9.Nxd4 Bc5 10.c3 O-O 11.Bg5 h6 12.Bh4 a6 13.Re1 Be7 14.Qf3 Qd5 
15.Nf5 exf5 16.Qxd5 Nxd5 17.Bxe7 Nxe7 18.Rxe7 b5 19.c4 Rd8 20.Be2 Kf8 21.
Rc7 bxc4 22.Bxc4 Be6 23.b3 a5 24.g3 Rd2 25.a4 Rb8 26.Re1 Bxc4 27.bxc4 Rbb2
28.Rc8+ 1-0

[Event "XXV Festival A"]
[Site "Arco ITA"]
[Date "2003.10.20"]
[Round "3"]
[White "Van Rijn, Wouter"]
[Black "Wronn, Bernd"]
[Result "1-0"]
[WhiteElo "2252"]
[BlackElo "2217"]
[PlyCount "117"]
[EventDate "2003.10.18"]

1.g3 Nf6 2.Bg2 c5 3.c4 Nc6 4.Nc3 g6 5.d3 Bg7 6.Nf3 d5 7.cxd5 Nxd5 8.Bd2 
O-O 9.Rc1 b6 10.h4 h5 11.Qa4 Bb7 12.Ng5 Nd4 13.Be4 Bc6 14.Qc4 e6 15.e3 
Nxc3 16.Bxc6 Nxc6 17.Bxc3 Qd5 18.Ke2 Bxc3 19.Qxd5 exd5 20.bxc3 Rac8 21.
Rhg1 Rfe8 22.g4 f6 23.Nf3 Kf7 24.Kd2 hxg4 25.Rxg4 Ne5 26.Nxe5+ fxe5 27.Rg5
Rc6 28.Rcg1 Rf6 29.Ke2 d4 30.cxd4 exd4 31.h5 gxh5 32.Rxh5 Ke6 33.Rh7 Ref8 
34.Rg2 a5 35.Rb7 Kd5 36.a4 c4 37.Rd7+ Kc5 38.Rxd4 cxd3+ 39.Rxd3 Kb4 40.
Rg4+ Kc5 41.f4 Rh8 42.Rd4 Rh1 43.Rg5+ Kc6 44.Rc4+ Kd7 45.Rd5+ Ke6 46.Rb5 
Kd7 47.Kd3 Rd1+ 48.Ke4 Re6+ 49.Re5 Red6 50.f5 Rh1 51.Rd5 Rh4+ 52.Ke5 Rxc4 
53.Rxd6+ Ke7 54.Rxb6 Rxa4 55.Rb7+ Ke8 56.Ra7 Ra1 57.Ke6 Kd8 58.f6 Re1 59.
Rd7+ 1-0

[Event "XXV Festival A"]
[Site "Arco ITA"]
[Date "2003.10.20"]
[Round "3"]
[White "Visser, Eddy"]
[Black "Perich, Stefano"]
[Result "1-0"]
[WhiteElo "2111"]
[BlackElo "1984"]
[PlyCount "120"]
[EventDate "2003.10.18"]

1.e4 e6 2.d3 d5 3.Nd2 c5 4.Ngf3 Nc6 5.g3 g6 6.Bg2 Bg7 7.exd5 exd5 8.O-O 
Nge7 9.Nb3 b6 10.c3 O-O 11.Re1 h6 12.d4 c4 13.Nbd2 Bf5 14.b3 b5 15.Ba3 Re8
16.Bc5 Rc8 17.a4 a6 18.b4 g5 19.h4 f6 20.Ra3 Ng6 21.hxg5 hxg5 22.axb5 
Rxe1+ 23.Qxe1 axb5 24.Nh2 Qd7 25.Nhf1 Rd8 26.Ra6 Kf7 27.Ne3 Be6 28.Qe2 Rb8
29.Qf3 Nge7 30.Ndf1 Kg6 31.Nh2 Kf7 32.Qe2 Nf5 33.Nhg4 Nfe7 34.Qf3 Kg6 35.
Qd1 Kf7 36.Qe2 Kg6 37.Nh2 Kf7 38.Bf3 f5 39.Bh5+ Kg8 40.Ng2 Bf6 41.Qe1 Kg7 
42.Bd1 Bf7 43.Ne3 Qc8 44.Ra1 Qd7 45.Bf3 Ng6 46.Qb1 Nge7 47.Ra6 Bg6 48.Qf1 
Bf7 49.Qe1 Qc8 50.Qa1 Qd8 51.g4 f4 52.Nf5+ Nxf5 53.gxf5 Ne7 54.Rxf6 Kxf6 
55.Ng4+ Kxf5 56.Qb1+ Ke6 57.Qe1+ Kd7 58.Nf6+ Kc6 59.Bxe7 Qc7 60.Bg4 Rh8 
1-0

[Event "XXV Festival A"]
[Site "Arco ITA"]
[Date "2003.10.20"]
[Round "3"]
[White "Wagman, Stuart"]
[Black "Roberti, Ignazio"]
[Result "1/2-1/2"]
[WhiteElo "2150"]
[BlackElo "1990"]
[PlyCount "47"]
[EventDate "2003.10.18"]

1.e4 c5 2.Nf3 Nc6 3.d4 cxd4 4.Nxd4 Nf6 5.Nc3 e5 6.Ndb5 d6 7.Bg5 a6 8.Na3 
b5 9.Nd5 Be7 10.Bxf6 Bxf6 11.c3 O-O 12.Nc2 Rb8 13.Qd3 Bg5 14.Rd1 Ne7 15.
Nce3 Bxe3 16.Nxe3 Rb6 17.Be2 Be6 18.b3 Qc8 19.O-O Rd8 20.Bf3 Kh8 21.Rfe1 
f5 22.exf5 Nxf5 23.Be4 Rf8 24.Nxf5 1/2-1/2

[Event "XXV Festival A"]
[Site "Arco ITA"]
[Date "2003.10.20"]
[Round "3"]
[White "Wohl, Aleksandar H."]
[Black "Blagojevic, Dragisa"]
[Result "1/2-1/2"]
[WhiteElo "2379"]
[BlackElo "2521"]
[PlyCount "32"]
[EventDate "2003.10.18"]

1.d4 d5 2.Bf4 c5 3.e3 Nc6 4.c3 Qb6 5.Qb3 c4 6.Qc2 Bf5 7.Qc1 Nf6 8.Nd2 Rc8 
9.Be2 e6 10.Ngf3 Qd8 11.O-O Bd6 12.Bxd6 Qxd6 13.b3 b5 14.a4 a6 15.axb5 
axb5 16.Nh4 O-O 1/2-1/2

[Event "XXV Festival A"]
[Site "Arco ITA"]
[Date "2003.10.20"]
[Round "3"]
[White "Zucchelli, Massimo"]
[Black "Burg, Twan"]
[Result "1/2-1/2"]
[WhiteElo "2178"]
[BlackElo "2050"]
[PlyCount "99"]
[EventDate "2003.10.18"]

1.Nf3 g6 2.g3 Bg7 3.Bg2 Nf6 4.d3 d6 5.Nbd2 Nbd7 6.O-O O-O 7.e4 e5 8.c3 c6 
9.d4 Qc7 10.b3 b6 11.Bb2 Bb7 12.c4 exd4 13.Nxd4 Rfe8 14.Qc2 Rac8 15.f4 a6 
16.Ne2 c5 17.Nc3 Ng4 18.Nd1 Bxb2 19.Qxb2 f5 20.Re1 Nf8 21.h3 Nh6 22.Nc3 
Qg7 23.Na4 Qxb2 24.Nxb2 b5 25.Kf2 Ba8 26.Nd3 Ne6 27.exf5 Nxf5 28.Bxa8 Rxa8
29.Ne4 Red8 30.Nf6+ Kf7 31.Nxh7 Rh8 32.Ng5+ Nxg5 33.fxg5 Rxh3 34.Rh1 Rah8 
35.Rxh3 Rxh3 36.Rd1 bxc4 37.bxc4 Rh2+ 38.Kf3 Rxa2 39.Nf4 Ra4 40.Rh1 Rxc4 
41.Rh7+ Kg8 42.Ra7 Rc3+ 43.Ke4 Re3+ 44.Kd5 Re5+ 45.Kc6 c4 46.Nd5 Nd4+ 47.
Kxd6 Nb5+ 48.Kxe5 Nxa7 49.Kd4 Kf7 50.Kxc4 1/2-1/2

[Event "XXV Festival A"]
[Site "Arco ITA"]
[Date "2003.10.21"]
[Round "4"]
[White "Agostini, Guillermo"]
[Black "Lovati, Paolo"]
[Result "1-0"]
[WhiteElo "1822"]
[BlackElo "2089"]
[PlyCount "107"]
[EventDate "2003.10.18"]

1.d4 d6 2.c4 Nf6 3.Nc3 Nbd7 4.e4 e5 5.d5 Be7 6.Be3 O-O 7.f3 c5 8.Bd3 Ne8 
9.Nge2 Rb8 10.Qd2 a6 11.O-O g6 12.g4 f6 13.Ng3 Nc7 14.Qe2 Qe8 15.Kg2 Rf7 
16.Rh1 Nf8 17.h4 b5 18.b3 bxc4 19.bxc4 Bd8 20.h5 Qe7 21.Rhb1 Rxb1 22.Rxb1 
Ne8 23.Na4 Qa7 24.Qc2 Ng7 25.hxg6 hxg6 26.Rh1 Ne8 27.Rh6 Rh7 28.Rxh7 Qxh7 
29.Qb3 Qc7 30.Bd2 Nh7 31.Nb2 Ng5 32.Nd1 Ng7 33.Qb1 Qd7 34.Nf2 Nf7 35.Nh3 
Qc7 36.Nf2 Nh8 37.Nh3 g5 38.Nf5 Ng6 39.Kf2 Nxf5 40.exf5 e4 41.Bxe4 Ne5 42.
Bd3 Qb7 43.Qxb7 Bxb7 44.Be2 a5 45.f4 gxf4 46.Bxf4 Ba6 47.Bxe5 dxe5 48.Ke3 
a4 49.Nf2 Kf7 50.Ne4 Ba5 51.Kd3 Bb4 52.Bd1 a3 53.Ba4 Bc8 54.Nd6+ 1-0

[Event "XXV Festival A"]
[Site "Arco ITA"]
[Date "2003.10.21"]
[Round "4"]
[White "Astengo, Corrado"]
[Black "Antoniacci, Riccardo"]
[Result "1/2-1/2"]
[WhiteElo "2166"]
[BlackElo "2041"]
[PlyCount "65"]
[EventDate "2003.10.18"]

1.e4 c5 2.Nf3 Nc6 3.d4 cxd4 4.Nxd4 g6 5.Nc3 Bg7 6.Be3 Nf6 7.Bc4 Qa5 8.O-O 
O-O 9.Bb3 d6 10.h3 Bd7 11.Re1 Nxd4 12.Bxd4 Bc6 13.Nd5 Rfe8 14.Bc3 Qd8 15.
Qf3 Bxd5 16.exd5 b5 17.a4 a6 18.Qd3 Qd7 19.Ra2 Qb7 20.axb5 axb5 21.Rea1 
Rxa2 22.Rxa2 Nd7 23.Bxg7 Kxg7 24.Qd4+ Nf6 25.Ra7 Qb8 26.c3 Kg8 27.Ra5 Qb7 
28.Ra7 Qb8 29.Ra6 Nd7 30.Qa7 Nc5 31.Qxb8 Rxb8 32.Ra3 Nd3 33.Bc2 1/2-1/2

[Event "XXV Festival A"]
[Site "Arco ITA"]
[Date "2003.10.21"]
[Round "4"]
[White "Blagojevic, Dragisa"]
[Black "Rahls, Peter"]
[Result "1-0"]
[WhiteElo "2521"]
[BlackElo "2341"]
[PlyCount "95"]
[EventDate "2003.10.18"]

1.d4 c5 2.d5 e5 3.e4 d6 4.Be2 a6 5.a4 Be7 6.Nf3 Nf6 7.Nc3 Nbd7 8.O-O O-O 
9.Nd2 Ne8 10.Nc4 Bg5 11.Bxg5 Qxg5 12.a5 g6 13.Ra3 h5 14.Qc1 Qe7 15.Na4 Kh7
16.Qd2 Ng7 17.b4 cxb4 18.Qxb4 Ne8 19.Rc3 Rb8 20.Ne3 Ndf6 21.f3 Bd7 22.Nb6 
h4 23.Rb1 Kg7 24.Qa3 Rd8 25.Rcb3 Nh5 26.Qb2 Nf4 27.Bf1 Qg5 28.Kf2 h3 29.g3
Ng2 30.Qc1 Qe7 31.Nxg2 hxg2 32.Kxg2 Rh8 33.Kg1 Bh3 34.Bxh3 Rxh3 35.Nc4 Qc7
36.Kg2 Rh5 37.Ne3 Nf6 38.Rxb7 Qxa5 39.Qe1 Qc5 40.Qe2 Nd7 41.R1b3 Qc8 42.
Ra7 Nc5 43.Rb6 Qh3+ 44.Kg1 Rhh8 45.Qg2 Qh6 46.Qd2 Rb8 47.Rxb8 Rxb8 48.Nf5+
1-0

[Event "XXV Festival A"]
[Site "Arco ITA"]
[Date "2003.10.21"]
[Round "4"]
[White "Blasco, Domenico"]
[Black "Cardili, Mariano"]
[Result "1-0"]
[WhiteElo "2040"]
[BlackElo "1900"]
[PlyCount "85"]
[EventDate "2003.10.18"]

1.d4 d5 2.e3 Nf6 3.Bd3 c6 4.Nd2 e6 5.f4 b6 6.Ngf3 Ba6 7.Bxa6 Nxa6 8.O-O 
Qc8 9.Ne5 Bd6 10.c3 Ne4 11.Qf3 Nxd2 12.Bxd2 O-O 13.Qh5 f6 14.Ng4 f5 15.Ne5
Bxe5 16.fxe5 c5 17.Rf4 Qe8 18.Qe2 c4 19.Raf1 Qe7 20.Kh1 b5 21.a3 Rf7 22.
Qh5 g6 23.Qh3 Raf8 24.Qh6 Nb8 25.R4f3 a5 26.Be1 Nd7 27.Bh4 Qe8 28.Bg5 Kh8 
29.Qh4 Qb8 30.Qf2 b4 31.axb4 axb4 32.h4 Rg8 33.Rh3 bxc3 34.bxc3 Qb3 35.Kh2
Re8 36.h5 gxh5 37.e4 dxe4 38.d5 Nxe5 39.Qd4 Qb8 40.Bf4 Qb2 41.Qxe5+ Rg7 
42.Rg3 Re7 43.Bh6 1-0

[Event "XXV Festival A"]
[Site "Arco ITA"]
[Date "2003.10.21"]
[Round "4"]
[White "Borin, Fabio"]
[Black "Visser, Eddy"]
[Result "1/2-1/2"]
[WhiteElo "2189"]
[BlackElo "2111"]
[PlyCount "46"]
[EventDate "2003.10.18"]

1.e4 e6 2.d4 d5 3.Nc3 Bb4 4.e5 c5 5.dxc5 Nc6 6.Nf3 Bxc5 7.Bd3 Nge7 8.O-O 
Ng6 9.Bxg6 fxg6 10.Bg5 Be7 11.Bxe7 Qxe7 12.Nb5 O-O 13.Nbd4 g5 14.h3 Bd7 
15.Qd2 h6 16.Rfe1 Rfc8 17.a3 Nxd4 18.Nxd4 Rc7 19.Qb4 Re8 20.c3 Qc5 21.Nb3 
Qe7 22.Nd4 Qc5 23.Nb3 Qe7 1/2-1/2

[Event "XXV Festival A"]
[Site "Arco ITA"]
[Date "2003.10.21"]
[Round "4"]
[White "Burg, Twan"]
[Black "Trauth, Michael"]
[Result "0-1"]
[WhiteElo "2050"]
[BlackElo "2202"]
[PlyCount "100"]
[EventDate "2003.10.18"]

1.e4 c5 2.Nf3 Nc6 3.d4 cxd4 4.Nxd4 Nf6 5.Nc3 g6 6.Nxc6 bxc6 7.e5 Ng8 8.Bc4
Bg7 9.Bf4 Qa5 10.O-O Bxe5 11.Bxe5 Qxe5 12.Re1 Qf4 13.Ne4 Kf8 14.g3 Qf5 15.
Nd6 exd6 16.Qxd6+ Kg7 17.Re8 Nf6 18.Re5 Ne4 19.Qd4 Qxf2+ 20.Qxf2 Nxf2 21.
Kxf2 d5 22.Bb3 Be6 23.c3 Rhb8 24.Re2 a5 25.Ba4 Rb6 26.b3 c5 27.a3 d4 28.c4
Rd8 29.Re5 d3 30.Rxc5 d2 31.Rxa5 d1=Q 32.Rxd1 Rxd1 33.c5 Rb8 34.b4 Rd2+ 
35.Ke3 Rxh2 36.b5 Rh3 37.c6 Rxg3+ 38.Kd4 Rxa3 39.Kc5 Rc3+ 40.Kd6 Rd8+ 41.
Kc7 Rc8+ 42.Kb7 Ra3 43.b6 Kf6 44.c7 h5 45.Ra6 h4 46.Bc6 Rxa6 47.Bb5 Rxb6+ 
48.Kxb6 Ke5 49.Kb7 f5 50.Ka7 Rxc7+ 0-1

[Event "XXV Festival A"]
[Site "Arco ITA"]
[Date "2003.10.21"]
[Round "4"]
[White "Casagrande, Fabio"]
[Black "Bossoni, Mario"]
[Result "1/2-1/2"]
[WhiteElo "2042"]
[BlackElo "1966"]
[PlyCount "39"]
[EventDate "2003.10.18"]

1.e4 c5 2.c3 d5 3.exd5 Qxd5 4.d4 Nc6 5.Nf3 cxd4 6.cxd4 e5 7.Nc3 Bb4 8.Bd2 
Bxc3 9.Bxc3 e4 10.Ne5 Nxe5 11.dxe5 Ne7 12.Qxd5 Nxd5 13.Bb5+ Bd7 14.O-O-O 
Bxb5 15.Rxd5 Bc6 16.Rd6 O-O 17.Re1 Rfd8 18.Rxd8+ Rxd8 19.g3 Kf8 20.Rd1 
1/2-1/2

[Event "XXV Festival A"]
[Site "Arco ITA"]
[Date "2003.10.21"]
[Round "4"]
[White "Cebalo, Miso"]
[Black "Wohl, Aleksandar H."]
[Result "1-0"]
[WhiteElo "2486"]
[BlackElo "2379"]
[PlyCount "132"]
[EventDate "2003.10.18"]

1.d4 Nf6 2.c4 e6 3.Nf3 Bb4+ 4.Nbd2 b6 5.a3 Bxd2+ 6.Bxd2 h6 7.g3 Bb7 8.Bg2 
O-O 9.b4 d6 10.Bc3 Be4 11.O-O Nbd7 12.Re1 c5 13.dxc5 dxc5 14.b5 Qc7 15.Qb3
a6 16.a4 axb5 17.axb5 Qb7 18.Red1 Rxa1 19.Bxa1 Ra8 20.h3 Ra7 21.Bb2 Qa8 
22.Qc3 Nf8 23.Kh2 Ne8 24.Rd2 f6 25.h4 Rd7 26.Rxd7 Nxd7 27.Bh3 Nf8 28.Qe3 
Bxf3 29.exf3 Kf7 30.Bf1 Qa2 31.Qd2 Qb3 32.f4 Ke7 33.Qc3 Qxc3 34.Bxc3 Nd6 
35.Bd3 Nd7 36.Kg2 e5 37.Kf3 e4+ 38.Bxe4 Nxc4 39.Bd3 Nd6 40.Be2 Nf8 41.g4 
Ne6 42.g5 Nc7 43.Kg4 Ncxb5 44.Bb2 Nd4 45.Bd3 f5+ 46.Kh5 hxg5 47.fxg5 Kf7 
48.Bb1 b5 49.Ba2+ Nc4 50.g6+ Kf6 51.Bxc4 bxc4 52.f4 Ke6 53.Kg5 Ke7 54.Ba3 
Ke6 55.Bb2 Kd5 56.h5 Ke4 57.Kh4 Ne6 58.Bxg7 Nxg7 59.h6 c3 60.hxg7 c2 61.
g8=Q c1=Q 62.Qe6+ Kxf4 63.Qd6+ Ke4 64.g7 Qc4 65.Kg5 Kf3 66.Kf6 f4 1-0

[Event "XXV Festival A"]
[Site "Arco ITA"]
[Date "2003.10.21"]
[Round "4"]
[White "Cetkovic, Sergio"]
[Black "Luciani, Carlo"]
[Result "1-0"]
[WhiteElo "2106"]
[BlackElo "2233"]
[PlyCount "75"]
[EventDate "2003.10.18"]

1.d4 c5 2.c3 Qc7 3.Nf3 Nf6 4.e3 b6 5.Be2 g6 6.O-O Bg7 7.Na3 Bb7 8.Nb5 Qc8 
9.Re1 O-O 10.b3 Ne4 11.Bb2 a6 12.Na3 b5 13.Rc1 d6 14.Nb1 Qc6 15.Nbd2 f5 
16.Nxe4 Qxe4 17.Bd3 Qg4 18.Be2 f4 19.h3 Qc8 20.c4 fxe3 21.fxe3 Bh6 22.Qd2 
Qe6 23.Kf2 b4 24.d5 Qe4 25.Qd3 Qh4+ 26.Kg1 Qg3 27.Rf1 Nd7 28.Qe4 e5 29.
Rce1 Nf6 30.Qh4 Bxe3+ 31.Kh1 Nh5 32.Qe7 Bc8 33.Ng5 Nf6 34.Ne4 Qxe1 35.
Nxf6+ Rxf6 36.Rxe1 Rf7 37.Qd8+ Rf8 38.Qxd6 1-0

[Event "XXV Festival A"]
[Site "Arco ITA"]
[Date "2003.10.21"]
[Round "4"]
[White "Dalponte, Dino"]
[Black "Sautto, Alessandra"]
[Result "1/2-1/2"]
[WhiteElo "2134"]
[BlackElo "1964"]
[PlyCount "70"]
[EventDate "2003.10.18"]

1.d4 d5 2.Nf3 Nf6 3.Bg5 e6 4.e3 h6 5.Bh4 Be7 6.Bd3 O-O 7.Nbd2 Nbd7 8.O-O 
c5 9.c3 b6 10.Qe2 Bb7 11.a3 Rc8 12.Bb5 Ne4 13.Bxe7 Qxe7 14.Rad1 Ndf6 15.
Ne5 Nxd2 16.Rxd2 Ne4 17.Rdd1 Rfd8 18.Bd3 Nf6 19.f4 Rc7 20.Rf3 Ne4 21.Rh3 
f5 22.g4 Qf6 23.gxf5 exf5 24.Qh5 Bc8 25.Kf1 Be6 26.Ke2 Bf7 27.Nxf7 Qxf7 
28.Rg1 Kh7 29.Qxf7 Rxf7 30.Bxe4 dxe4 31.Rhg3 cxd4 32.exd4 Rd6 33.h4 g6 34.
Ke3 b5 35.Rd1 Rfd7 1/2-1/2

[Event "XXV Festival A"]
[Site "Arco ITA"]
[Date "2003.10.21"]
[Round "4"]
[White "Di Lazzaro, Gabriele"]
[Black "Proietti, Giorgio"]
[Result "1/2-1/2"]
[WhiteElo "2013"]
[BlackElo "1891"]
[PlyCount "88"]
[EventDate "2003.10.18"]

1.e4 e6 2.d4 d5 3.Nd2 Nf6 4.e5 Nfd7 5.Bd3 c5 6.c3 b6 7.Qe2 cxd4 8.cxd4 Nc6
9.Ngf3 Nb4 10.O-O Nxd3 11.Qxd3 a5 12.Re1 Ba6 13.Qe3 Be7 14.Nf1 Rc8 15.Bd2 
O-O 16.Rec1 Rxc1 17.Rxc1 Qb8 18.Ng3 Rc8 19.Rc3 Rxc3 20.Bxc3 Qc8 21.h3 Qc4 
22.a3 Qd3 23.Qc1 Qc4 24.Qf4 Nf8 25.Ng5 Bxg5 26.Qxg5 Qc7 27.Nh5 Ng6 28.Ng3 
Qe7 29.Qe3 h6 30.Bd2 Qh4 31.Qc3 Qd8 32.f4 Qc8 33.Qf3 Ne7 34.Kh2 Qc2 35.Bc3
Qd3 36.Qg4 Qg6 37.Qxg6 Nxg6 38.f5 exf5 39.Nxf5 Kf8 40.Kg3 Ne7 41.Ne3 Ke8 
42.a4 Bc8 43.b4 axb4 44.Bxb4 Nf5+ 1/2-1/2

[Event "XXV Festival A"]
[Site "Arco ITA"]
[Date "2003.10.21"]
[Round "4"]
[White "Diotallevi, Maurizio"]
[Black "Allegranti, Luca"]
[Result "1-0"]
[WhiteElo "2096"]
[BlackElo "1988"]
[PlyCount "63"]
[EventDate "2003.10.18"]

1.e4 e6 2.Qe2 c5 3.Nf3 Nc6 4.g3 d6 5.Bg2 e5 6.d3 Be7 7.c3 Bg4 8.h3 Bh5 9.
O-O Qb6 10.Be3 Nf6 11.Na3 O-O 12.Nc4 Qc7 13.g4 Bg6 14.Bd2 b5 15.Ne3 Rab8 
16.Nh4 b4 17.Nhf5 bxc3 18.bxc3 Bxf5 19.exf5 h6 20.h4 g5 21.hxg5 hxg5 22.
Nd5 Nxd5 23.Bxd5 Kg7 24.Qf3 Rbc8 25.Kg2 Rh8 26.Rh1 Na5 27.c4 Bf6 28.Rab1 
Rcg8 29.Rb5 Rxh1 30.Kxh1 Rh8+ 31.Kg2 Bd8 32.Bxa5 1-0

[Event "XXV Festival A"]
[Site "Arco ITA"]
[Date "2003.10.21"]
[Round "4"]
[White "Femiano, Andrea"]
[Black "Valenti, Giuseppe"]
[Result "0-1"]
[WhiteElo "2146"]
[BlackElo "2305"]
[PlyCount "158"]
[EventDate "2003.10.18"]

1.e4 c5 2.Nf3 e6 3.d4 cxd4 4.Nxd4 a6 5.Bd3 Nf6 6.O-O Qc7 7.c4 Be7 8.Nc3 d6
9.Kh1 O-O 10.f4 Nbd7 11.Qf3 Re8 12.Qg3 b6 13.Bd2 Bb7 14.Rae1 Bf8 15.Nf3 
Rad8 16.b3 g6 17.Bb1 Bg7 18.Qh3 Qc5 19.f5 exf5 20.Be3 Qc7 21.Nd5 Bxd5 22.
exd5 Ng4 23.Bg1 Ndf6 24.Nd4 Ne5 25.Qg3 Nh5 26.Qf2 Ng4 27.Qf3 Ne5 28.Qd1 
Nf6 29.Nf3 Nxf3 30.Qxf3 Nd7 31.Qf2 a5 32.Rxe8+ Rxe8 33.Re1 Be5 34.Qh4 Qd8 
35.Qxd8 Rxd8 36.g3 Kg7 37.Kg2 Re8 38.Kf3 Kf6 39.Kg2 Rb8 40.Bd3 Bc3 41.Re2 
Ne5 42.Bb1 Nd7 43.Be3 Be5 44.a4 Kg7 45.Bc2 Nf6 46.Kf3 Nd7 47.Kg2 h5 48.h4 
Nf6 49.Bf4 Bxf4 50.gxf4 Re8 51.Rxe8 Nxe8 52.Kf2 Nf6 53.Ke3 Nd7 54.Kf3 Nc5 
55.Ke3 f6 56.Kf3 Kh6 57.Kg2 g5 58.Kh3 Kg6 59.Kg2 Ne4 60.Kg1 Ng3 61.Kf2 
gxh4 62.Bd3 Ne4+ 63.Kg2 h3+ 64.Kh2 h4 65.Be2 Nc5 66.Kxh3 Nxb3 67.Kxh4 Nc5 
68.Bd1 Ne4 69.Bc2 Nc3 70.Kg3 Ne2+ 71.Kf2 Nxf4 72.Kf3 Kg5 73.Kg3 Ng6 74.Bd3
f4+ 75.Kf2 Ne5 76.Bf1 Kf5 77.Bh3+ Ke4 78.Bf1 Kd4 79.Kg2 Nxc4 0-1

[Event "XXV Festival A"]
[Site "Arco ITA"]
[Date "2003.10.21"]
[Round "4"]
[White "Friedrich, Norbert"]
[Black "Karpatchev, Aleksandr"]
[Result "1/2-1/2"]
[WhiteElo "2252"]
[BlackElo "2459"]
[PlyCount "45"]
[EventDate "2003.10.18"]

1.e4 e5 2.Nf3 Nf6 3.Nc3 Nc6 4.d4 Bb4 5.Nxe5 O-O 6.Qd3 Re8 7.Bd2 d5 8.Nxc6 
bxc6 9.e5 c5 10.O-O-O Ng4 11.Be1 c6 12.f4 f6 13.h3 Nh6 14.g4 Nf7 15.Bg2 
Rb8 16.a3 Ba5 17.exf6 cxd4 18.Qxd4 Bb6 19.Qa4 Be3+ 20.Bd2 Qb6 21.Qb4 Qc7 
22.Qa4 Qb6 23.Qb4 1/2-1/2

[Event "XXV Festival A"]
[Site "Arco ITA"]
[Date "2003.10.21"]
[Round "4"]
[White "Isonzo, David"]
[Black "De Napoli, Giuseppe"]
[Result "1-0"]
[WhiteElo "2349"]
[BlackElo "2159"]
[PlyCount "41"]
[EventDate "2003.10.18"]

1.e4 e5 2.Nf3 Nc6 3.Bb5 a6 4.Bxc6 dxc6 5.O-O f6 6.d4 exd4 7.Nxd4 c5 8.Nb3 
Qxd1 9.Rxd1 Bd7 10.Bf4 O-O-O 11.Nc3 c4 12.Na5 Bb4 13.Bxc7 Re8 14.Nd5 Rxe4 
15.Nxb4 Kxc7 16.Nxb7 Re5 17.Nd6 Nh6 18.Nxa6+ Kc6 19.Nxc4 Re7 20.Rd6+ Kb5 
21.Na3+ 1-0

[Event "XXV Festival A"]
[Site "Arco ITA"]
[Date "2003.10.21"]
[Round "4"]
[White "Ivanov, Mikhail M."]
[Black "Slobodjan, Roman"]
[Result "1/2-1/2"]
[WhiteElo "2425"]
[BlackElo "2513"]
[PlyCount "27"]
[EventDate "2003.10.18"]

1.d4 d5 2.c4 c6 3.cxd5 cxd5 4.Nc3 Nf6 5.Bf4 Nc6 6.e3 a6 7.Bd3 Bg4 8.Nge2 
Bxe2 9.Qxe2 e6 10.Rc1 Rc8 11.O-O Bd6 12.Bg5 h6 13.Bh4 O-O 14.f4 1/2-1/2

[Event "XXV Festival A"]
[Site "Arco ITA"]
[Date "2003.10.21"]
[Round "4"]
[White "Korneev, Oleg"]
[Black "Grigore, George-Gabriel"]
[Result "1/2-1/2"]
[WhiteElo "2559"]
[BlackElo "2485"]
[PlyCount "59"]
[EventDate "2003.10.18"]

1.e4 c5 2.Nf3 Nc6 3.d4 cxd4 4.Nxd4 e5 5.Nb5 d6 6.c4 Be7 7.N1c3 a6 8.Na3 
Be6 9.Nc2 Bg5 10.Be2 Bxc1 11.Rxc1 Nf6 12.O-O O-O 13.Qd2 Qb6 14.Rcd1 Rfd8 
15.Kh1 Kh8 16.b3 Qa5 17.a3 Rac8 18.b4 Qc7 19.Rc1 Qb8 20.Rfd1 Ne7 21.Ne3 
Nc6 22.Nc2 Ne7 23.Ne3 Nc6 24.Bd3 Nd4 25.Qb2 b5 26.Ne2 bxc4 27.Nxc4 d5 28.
exd5 Nxd5 29.Nxd4 exd4 30.f3 1/2-1/2

[Event "XXV Festival A"]
[Site "Arco ITA"]
[Date "2003.10.21"]
[Round "4"]
[White "Kort, Jacob"]
[Black "Dittmar, Peter"]
[Result "1/2-1/2"]
[WhiteElo "2224"]
[BlackElo "2356"]
[PlyCount "71"]
[EventDate "2003.10.18"]

1.d4 d5 2.c4 dxc4 3.Nf3 Nf6 4.e3 c5 5.Bxc4 e6 6.O-O a6 7.Qe2 b5 8.Bd3 Bb7 
9.a4 bxa4 10.Rxa4 cxd4 11.exd4 Be7 12.Nc3 O-O 13.Bd2 a5 14.Ne4 Bc6 15.Raa1
Nbd7 16.Rfc1 Qb6 17.Bg5 Rac8 18.Rc2 Bxe4 19.Bxe4 Nxe4 20.Bxe7 Rxc2 21.Qxc2
Qb7 22.h3 Nef6 23.Ra3 Nd5 24.Bg5 h6 25.Bd2 Rb8 26.Bc1 Rc8 27.Qd1 Qb4 28.
Kh2 N7b6 29.Ne5 Nc4 30.Rb3 Qf8 31.Rg3 Nxe5 32.dxe5 Kh8 33.Bd2 Qc5 34.Qg4 
Qf8 35.Bxa5 Rc2 36.Rf3 1/2-1/2

[Event "XXV Festival A"]
[Site "Arco ITA"]
[Date "2003.10.21"]
[Round "4"]
[White "Levin, Felix"]
[Black "Rotstein, Arkadij"]
[Result "1/2-1/2"]
[WhiteElo "2481"]
[BlackElo "2533"]
[PlyCount "20"]
[EventDate "2003.10.18"]

1.d4 d5 2.c4 e6 3.Nc3 Nf6 4.cxd5 exd5 5.Bg5 Be7 6.e3 c6 7.Bd3 Nbd7 8.Nf3 
O-O 9.O-O Re8 10.Qc2 Nf8 1/2-1/2

[Event "XXV Festival A"]
[Site "Arco ITA"]
[Date "2003.10.21"]
[Round "4"]
[White "Medancic, Rikard"]
[Black "Miatello, Alberto"]
[Result "1-0"]
[WhiteElo "2275"]
[BlackElo "2046"]
[PlyCount "78"]
[EventDate "2003.10.18"]

1.d4 Nf6 2.Nf3 g6 3.Bg5 Bg7 4.Nbd2 d5 5.c4 c6 6.e3 Nbd7 7.h3 O-O 8.Be2 Re8
9.cxd5 cxd5 10.O-O e5 11.dxe5 Nxe5 12.Nxe5 Rxe5 13.Nf3 Re8 14.Bb5 Rf8 15.
Qb3 h6 16.Bf4 Qb6 17.Be5 a6 18.Bc4 Qa5 19.Be2 Ne4 20.Bxg7 Kxg7 21.Rfd1 Be6
22.Nd4 Nc5 23.Qc2 Rac8 24.Bf3 Ne4 25.Qd3 Ng5 26.Be2 Qd8 27.Nf3 Ne4 28.Rac1
Qf6 29.Qd4 g5 30.Qxf6+ Kxf6 31.Nd4 Ke7 32.Kf1 f5 33.Ke1 Bd7 34.f3 Nd6 35.
b3 h5 36.Bd3 g4 37.Ne2 gxh3 38.gxh3 Bc6 39.Nf4 Rh8 1-0

[Event "XXV Festival A"]
[Site "Arco ITA"]
[Date "2003.10.21"]
[Round "4"]
[White "Molzahn, Norbert"]
[Black "Papale, Carmelo"]
[Result "1-0"]
[WhiteElo "2089"]
[BlackElo "1740"]
[PlyCount "74"]
[EventDate "2003.10.18"]

1.c4 e5 2.Nc3 Nc6 3.g3 g6 4.Bg2 Bg7 5.e3 Nge7 6.Nge2 d6 7.O-O Be6 8.Nd5 
O-O 9.d4 Qc8 10.Re1 Bg4 11.f3 Bd7 12.a3 a5 13.Rb1 Nxd5 14.cxd5 Ne7 15.e4 
f5 16.dxe5 fxe4 17.fxe4 dxe5 18.Bg5 Bf6 19.Qd2 Bh3 20.Rf1 Bxg2 21.Kxg2 Qg4
22.Rxf6 Rxf6 23.Bxf6 Qxe4+ 24.Kg1 Qxb1+ 25.Nc1 Nf5 26.Bxe5 Re8 27.Bf4 b6 
28.Kf2 Qe4 29.Ne2 Qh1 30.g4 Nh4 31.Kg3 g5 32.Nd4 Qg1+ 33.Kh3 Qf1+ 34.Kg3 
gxf4+ 35.Kxh4 Re3 36.Nf5 Qh3+ 37.Kg5 Rf3 1-0

[Event "XXV Festival A"]
[Site "Arco ITA"]
[Date "2003.10.21"]
[Round "4"]
[White "Ortega, Lexy"]
[Black "Van Rijn, Wouter"]
[Result "0-1"]
[WhiteElo "2462"]
[BlackElo "2252"]
[PlyCount "66"]
[EventDate "2003.10.18"]

1.d4 g6 2.e4 Bg7 3.Nc3 d6 4.Be3 Nf6 5.Qd2 c6 6.Nf3 Qa5 7.h3 O-O 8.Bd3 Nbd7
9.O-O e5 10.a4 Re8 11.Rfd1 exd4 12.Bxd4 Ne5 13.Be2 Be6 14.Ng5 Rad8 15.Nxe6
Rxe6 16.f4 Ned7 17.Bf3 Nb6 18.Qd3 Nh5 19.f5 Nf4 20.Qe3 Bh6 21.Qf2 gxf5 22.
b4 Qxb4 23.exf5 Ree8 24.Qg3+ Kf8 25.Qh4 Bg7 26.f6 c5 27.fxg7+ Kg8 28.Qxf4 
cxd4 29.Qxd4 Re1+ 30.Kf2 Qxd4+ 31.Rxd4 Rxa1 32.Bxb7 Kxg7 33.Be4 Rc8 0-1

[Event "XXV Festival A"]
[Site "Arco ITA"]
[Date "2003.10.21"]
[Round "4"]
[White "Perich, Stefano"]
[Black "Del Nevo, Claudio"]
[Result "1/2-1/2"]
[WhiteElo "1984"]
[BlackElo "1743"]
[PlyCount "82"]
[EventDate "2003.10.18"]

1.d4 Nf6 2.Nf3 d6 3.b3 g6 4.Bb2 Bg7 5.Nbd2 c6 6.g3 O-O 7.Bg2 Bg4 8.h3 Bxf3
9.Bxf3 Nbd7 10.c4 Qb6 11.O-O d5 12.Qc2 Rac8 13.Rac1 Rfe8 14.Bg2 Nh5 15.e3 
e5 16.dxe5 Bxe5 17.Bxe5 Nxe5 18.cxd5 cxd5 19.Qxc8 Rxc8 20.Rxc8+ Kg7 21.Nf3
Qe6 22.Rc7 Qb6 23.Rc2 Nd3 24.Nd4 Nf6 25.Rd2 Nc5 26.Ne2 Nce4 27.Rc2 Qa5 28.
Rd1 Qb6 29.Nf4 Qa5 30.Nxd5 Nxd5 31.Bxe4 Nc3 32.Rd4 Nxa2 33.Rd7 Qe1+ 34.Kg2
Nc3 35.Bf3 b5 36.Rxa7 b4 37.Rd7 Qb1 38.Rcd2 Qxb3 39.Bd5 Nxd5 40.R2xd5 Qc4 
41.Rd4 Qc6+ 1/2-1/2